000 00512nam a2200181Ia 4500
999 _c24553
_d24553
003 OSt
005 20201223132519.0
008 190216s9999||||xx |||||||||||||| ||und||
020 _a894.8128
040 _coclc
082 _a894.8128
_bTHU/R
100 _aThulasidas, Goswami
_97819
245 0 _aRamacharithamaanasa /
_cGoswami Thulasidas
260 _bNbs Kottayam,
_aKottayam:
_c1967.
300 _a1178p
650 _aPadanam
942 _cBK
_2ddc
_h894.8128
_iTHU/R
_k894.8128
_mTHU/R